The modern metropolis: its origins, growth, characteristics, and planning selected essays (Record no. 51491)

MARC details
000 -LEADER
fixed length control field 00623nam a2200169 a 4500
008 - FIXED-LENGTH DATA ELEMENTS--GENERAL INFORMATION
fixed length control field 120416s1972 ||||||||||||||||| || u
020 ## - INTERNATIONAL STANDARD BOOK NUMBER
International Standard Book Number 0262520281
050 ## - LIBRARY OF CONGRESS CALL NUMBER
Classification number HT 166 Blu
100 ## - MAIN ENTRY--PERSONAL NAME
Personal name Blumenfeld, Hans
245 14 - TITLE STATEMENT
Title The modern metropolis: its origins, growth, characteristics, and planning selected essays
260 ## - PUBLICATION, DISTRIBUTION, ETC.
Place of publication, distribution, etc. Cambridge, Mass.
Name of publisher, distributor, etc. M.I.T
Date of publication, distribution, etc. 1972
300 ## - PHYSICAL DESCRIPTION
Extent xvi, 379p. : ill
350 ## - PRICE (NR) (BK AM CF MU VM SE) [OBSOLETE]
Price 0.00
650 #0 - SUBJECT ADDED ENTRY--TOPICAL TERM
Topical term or geographic name entry element CITY PLANNING
700 ## - ADDED ENTRY--PERSONAL NAME
Personal name Spreiregen, Paul D
995 ## - RECOMMENDATION 995 [LOCAL, UNIMARC FRANCE]
-- 0.00
-- CBU-MAIN LIBRARY (Kitwe)
-- 1
-- 5.95
-- AVAILABLE
-- Annex Low-Usage Collection
Holdings
Withdrawn status Lost status Source of classification or shelving scheme Damaged status Not for loan Home library Current library Shelving location Date acquired Total Checkouts Full call number Barcode Date last seen Price effective from Koha item type
          CBU-MAIN LIBRARY, KITWE. CBU-MAIN LIBRARY, KITWE.   11/30/2022   HT 166 Blu 008285 11/30/2022 11/30/2022 MONOGRAPH